[Event "2026 Perth Chess League"]
[Site "Perth AUS"]
[Date "2026.04.20"]
[Round "1.1"]
[White "Hare,Tim"]
[Black "Soutar,Gavin"]
[Result "1-0"]
[BlackElo "1813"]
[BlackFideId "3228991"]
[EventDate "2026.04.20"]
[PlyCount "0"]
[WhiteElo "2290"]
[WhiteFideId "4300629"]

1. Nf3 c5 2. g3 Nc6 3. Bg2 g6 4. c4 Bg7 5. Nc3 d6 6. d3 Nf6 7. O-O O-O 8. a3 a6
9. Rb1 Rb8 10. Bg5 Bd7 11. Qd2 b5 12. cxb5 axb5 13. b4 cxb4 14. axb4 e6 15. e4
Qb6 16. d4 d5 17. e5 Ne8 18. Rfe1 f6 19. Bf4 Rc8 20. Nxd5 exd5 21. e6 Bxe6 22.
Rxe6 Nc7 23. Bxc7 Qxc7 24. Rbe1 Qd7 25. R6e2 Rce8 26. Rxe8 Rxe8 27. Rc1 Bf8 28.
Qf4 Kg7 29. Bh3 f5 30. Bf1 Nxb4 $4 31. Rc7  1-0

[Event "2026 Perth Chess League"]
[Site "Perth AUS"]
[Date "2026.04.20"]
[Round "1.2"]
[White "McAteer,Ian"]
[Black "Lucas,Bradley"]
[Result "0-1"]
[BlackElo "2129"]
[BlackFideId "311105223"]
[EventDate "2026.04.20"]
[PlyCount "0"]
[WhiteElo "1809"]
[WhiteFideId "3230015"]

1. d4 d5 2. Bf4 Nf6 3. e3 c5 4. c3 Qb6 { The early Qb6 was a bit of a surprise
to me, even though it is the engine's second best move. Bradley and I had
played a similar position when I had got Qb3 in first. I thought for a while
before continuing.}  5. Qb3 c4 6. Qxb6 axb6 7. Na3 Nc6 8. Nb5 Ra5 9. a4 {
attacking c7 had seemed like a good idea but now this was getting uncomftable
with the pin on the rook}  9... Bf5 10. Be2 Bc2 11. Bd1 Bxd1 12. Kxd1 e5 $2 {
this surprised me too, and it's better for White even though I didn't follow
the best line. I was expecting:}  ( 12... Ne4 { when my plan of}  13. Ke2 e6 {
is better for Black}  )13. dxe5 ( 13. Bxe5 { is the better line, but who gives
up their bishop?}  13... Nd7 ( 13... Nxe5 14. dxe5 Ng4 15. Ke2 Nxe5 16. Nf3 {
the rooks are connected and White is better}  )14. Nf3 )13... Ne4 14. Ke2 ( 14.
Nh3 { is preferred, allowing the king to make its way to the queenside}  14...
Nc5 15. Kc2 Nd3 { looks intimidating but fails to}  16. b4 { now that the en
passant capture can't be made}  )14... g5 15. Bg3 h5 16. f3 h4 { the critcal
position - save the rook of blow open the centre?}  17. fxe4 { of course, I had
to go with the Irish pawn centre}  17... hxg3 18. Nc7+ Kd7 { Bradley spent a
long time considering this or Kd8 but the engine has both moves as basically
equivalent. Kd8 being slightly preferred}  19. Nxd5 g4 20. Nf6+ Ke6 21. Nxg4
Nxe5 22. Nxe5 Kxe5 23. Nf3+ Kxe4 24. Nd2+ Kd5 25. e4+ Ke6 26. h3 { this
position is wonderfully captured in a photo, as Bradley went into a long, long
think}  26... b5 $2 ( 26... Re5 { is slightly preferred but White is clearly
winning with either move} )27. axb5 Rxb5 28. Nxc4 Bg7 29. Kf3 Rc8 30. Ra4 Rb3
31. Rd1 Be5 32. Rd2 ( 32. Nxe5 Kxe5 33. Rb4 Rxb4 34. cxb4 { was my
consideration for some time when, with g6 dropping and b2 defendable, this
looked won even to me:}  34... Rc4 35. Re1 Rxb4 36. Re2 Rb3+ 37. Kg4 )32... Bb8
33. Ne3 Rc5 34. Nf5 Be5 35. Nxg3 $4 $155 { falling into a cheapo, and while
White is still better, this loses the decisive advantage.}  ( 35. Ra8 Rb6 36.
Re8+ Kf6 )35... Bxc3 36. bxc3 Rcxc3+ 37. Kf2 $4 { going passive and allowing
the Black king to advance into the position}  ( 37. Kf4 Rxg3 { and White is
still better}  )37... Rxg3 38. Raa2 Ke5 39. Re2 b5 40. Rab2 b4 41. h4 Kf4 42.
h5 $2 ( 42. e5)42... Kg5 43. Rxb3 Rxb3 44. g4 Kxg4 45. h6 Rh3 { this position
is not yet lost but by now I was quite demoralised, knowing the win had slipped
away}  46. Re3 $4 ( 46. e5 Rxh6 47. Re4+ Kf5 48. Rxb4 { holds the draw}  )46...
Rh2+ 47. Kg1 Rxh6 48. Rb3 Rb6  0-1

[Event "2026 Perth Chess League"]
[Site "Perth AUS"]
[Date "2026.04.20"]
[Round "1.3"]
[White "Hardegen,Andrew"]
[Black "Gwezere,Cecil"]
[Result "1-0"]
[BlackElo "1710"]
[BlackFideId "11003839"]
[EventDate "2026.04.20"]
[PlyCount "0"]
[WhiteElo "2049"]
[WhiteFideId "3204081"]

1. d4 Nf6 2. c4 g6 3. Nc3 Bg7 4. e4 d6 5. Nf3 Nbd7 6. Be2 O-O 7. O-O e5 8. Be3
Re8 9. d5 Ng4 10. Bg5 f6 11. Bd2 a5 12. Ne1 Nh6 13. Nd3 Nb6 14. b3 f5 15. Qc1
fxe4 16. Nxe4 Qh4 17. f3 Nf7 18. g3 Qe7 19. Be3 Rf8 20. Ndf2 Nd7 21. Rd1 Nf6
22. Qd2 Rd8 23. Rac1 b6 24. a3 Qf8 25. Ng5 Nxg5 26. Bxg5 Re8 27. Ne4 Bf5 28.
Qe3 h5 29. Rf1 Re7 30. g4 hxg4 31. Nxf6+ Bxf6 32. Bxf6 Qxf6 33. fxg4 Rg7 34.
gxf5 gxf5+ 35. Kh1 Kf7 36. Qh3 f4 37. Rg1 Rxg1+ 38. Rxg1 Rh8 39. Qd7+ Kf8 40.
Qc8+ Kf7 41. Bh5+ Ke7 42. Qxc7+ Kf8 43. Rg6  1-0

[Event "2026 Perth Chess League"]
[Site "Perth AUS"]
[Date "2026.04.20"]
[Round "1.5"]
[White "Harris,Eamon"]
[Black "Farber,Timo"]
[Result "1/2-1/2"]
[BlackElo "2035"]
[BlackFideId "0"]
[EventDate "2026.04.20"]
[PlyCount "0"]
[WhiteElo "1727"]
[WhiteFideId "3258505"]

1. e4 e6 2. d4 d5 3. Nd2 c5 4. exd5 Qxd5 5. Ngf3 Nf6 6. Bc4 Qd6 7. O-O cxd4 8.
Nb3 a6 9. Nbxd4 Nc6 10. Re1 Nxd4 11. Nxd4 Qc7 12. Bb3 Bd6 13. g3 O-O 14. Bg5 b5
15. Bxf6 gxf6 16. Qh5 Kh8 17. Re4 Rg8 18. Rh4 Rg7 19. Qh6 Be5 20. c3 Bb7 21.
Bc2 f5 22. Rd1 Rag8 23. Kf1 Qc4+ 24. Bd3 Qd5 25. Ke2 Rd8 26. Qe3 { Black is
clearly winning and plays what seems a natural move}  26... f4 { which loses
the advantage and a draw was agreed.}   1/2-1/2

[Event "2026 Perth Chess League"]
[Site "Perth AUS"]
[Date "2026.04.20"]
[Round "1.6"]
[White "Brand,Drew"]
[Black "Kereopa,Seth"]
[Result "1-0"]
[BlackElo "1242"]
[BlackFideId "3295451"]
[EventDate "2026.04.20"]
[PlyCount "0"]
[WhiteElo "1916"]
[WhiteFideId "3271986"]

1. e4 c5 2. c3 Nf6 3. e5 Nd5 4. d4 cxd4 5. Nf3 Nc6 6. cxd4 d6 7. Bc4 e6 8. O-O
dxe5 9. dxe5 Bc5 10. a3 a5 11. Qe2 O-O 12. Bd3 f6 13. Qc2 Bd4 14. Bxh7+ Kh8 15.
Bg6 Bxe5 16. Qc4 Bxh2+ 17. Kxh2 Qd6+ 18. g3 Nf4 19. Bxf4 e5 20. Bxe5  1-0

[Event "2026 Perth Chess League"]
[Site "Perth AUS"]
[Date "2026.04.20"]
[Round "1.9"]
[White "Barry,David"]
[Black "Sethuraman,Jaswanth Ram"]
[Result "1-0"]
[BlackElo "1569"]
[BlackFideId "3245250"]
[EventDate "2026.04.20"]
[PlyCount "0"]
[WhiteElo "1885"]
[WhiteFideId "3234487"]

1. e4 e5 2. Nf3 Nc6 3. Bb5 a6 4. Ba4 Nf6 5. O-O d6 6. Re1 Bd7 7. c3 b5 8. Bc2
Bg4 9. d3 h6 10. Nbd2 Be7 11. Nf1 O-O 12. h3 Bh5 13. Ng3 Bxf3 14. Qxf3 d5 $4
15. exd5 ( 15. Nf5 { punishes the error with a long, almost forced, variation} 
15... dxe4 16. Rxe4 Nxe4 17. Qxe4 Na5 18. Bxh6 g6 19. Nxe7+ Qxe7 20. b4 )15...
Qxd5 16. Ne4 Nxe4 17. Rxe4 f5 18. Bb3 Qxb3 19. axb3 fxe4 20. Qxe4 Rf6 21. Be3
Rd8 22. Rxa6 Nb8 23. Rxf6 Bxf6 24. Qb7 Nd7 25. Qxb5 e4 26. Qc4+ Kh8 27. Qxe4 c6
28. Bd4 c5 29. Bxf6 Nxf6 30. Qc6 Rxd3 31. Qc8+ Ng8 32. Qxc5 Rd2 33. b4 Rxb2 34.
b5 Nf6 35. b6 Rb1+ 36. Kh2 Kh7 37. Qf5+ Kg8 38. Qxb1 Nd7 39. Qe4 Nxb6 40. Qe6+
Kh8 41. Qxb6 Kh7 42. c4 h5 43. c5 h4 44. c6 g6 45. c7 Kg8 46. c8=R+ Kh7 47.
Qc7+ Kh6 48. Qf4+ Kg7 49. Qf8+ Kh7 50. Rc7#  1-0

[Event "2026 Perth Chess League"]
[Site "Perth AUS"]
[Date "2026.04.20"]
[Round "1.10"]
[White "Rithauddin,Florentyna"]
[Black "Roebuck,Derek J"]
[Result "1/2-1/2"]
[BlackElo "1773"]
[BlackFideId "3226999"]
[EventDate "2026.04.20"]
[PlyCount "0"]
[WhiteElo "1532"]
[WhiteFideId "35816694"]

1. c4 e5 2. Nc3 Nc6 3. Nf3 Nf6 4. g3 d5 5. cxd5 Nxd5 6. d3 Be6 7. Bg2 f6 8. Bd2
Qd7 9. O-O O-O-O 10. h4 h6 11. Kh2 g5 12. Rh1 g4 13. Ne1 Bc5 14. Ne4 Be7 15.
Rc1 Nb6  1/2-1/2

[Event "2026 Perth Chess League"]
[Site "Perth AUS"]
[Date "2026.04.20"]
[Round "1.11"]
[White "Ashok,Akash"]
[Black "Ho,Gia Bao"]
[Result "1-0"]
[BlackElo "1229"]
[BlackFideId "12433187"]
[EventDate "2026.04.20"]
[PlyCount "0"]
[WhiteElo "1363"]
[WhiteFideId "3261417"]

1. Nf3 d6 2. d4 e6 3. c3 Nf6 4. Bg5 Be7 5. Nbd2 h6 6. Bxf6 Bxf6 7. e4 O-O 8. Bd3
Be7 9. O-O c5 10. Rc1 Nc6 11. Bb1 cxd4 12. cxd4 Qb6 13. d5 exd5 14. exd5 Nb8 {
No further moves were recorded}   1-0

[Event "2026 Perth Chess League"]
[Site "Perth AUS"]
[Date "2026.04.20"]
[Round "1.13"]
[White "Faithfull,Ian"]
[Black "Huang,Yuqi (Ricky)"]
[Result "1/2-1/2"]
[BlackElo "1850"]
[BlackFideId "3268250"]
[EventDate "2026.04.20"]
[PlyCount "0"]
[WhiteElo "1397"]
[WhiteFideId "0"]

1. d4 Nf6 2. Nf3 c5 3. e3 g6 4. b3 Bg7 5. Nc3 cxd4 6. exd4 O-O 7. Bb2 d5 8. Be2
Nc6 9. O-O b6 10. Re1 Bb7 11. Bb5 e6 12. Bxc6 Bxc6 13. Ne5 Bb7 14. Ba3 Re8 15.
Qd2 Ne4 16. Qd3 Bxe5 17. dxe5 Qc7 18. Na4 Nc5 19. Qc3 Rac8 20. Nxc5 bxc5 21.
Qd2 Qc6 22. f4 Red8 23. Re3 d4 24. Rg3 Qe4 25. Re1 Qd5  1/2-1/2

[Event "2026 Perth Chess League"]
[Site "Perth AUS"]
[Date "2026.05.05"]
[Round "2.1"]
[White "Huang,Hui"]
[Black "Hare,Tim"]
[Result "0-1"]
[BlackElo "2290"]
[BlackFideId "4300629"]
[BlackTeam "Southern Suburbs"]
[EventDate "2026.04.20"]
[PlyCount "0"]
[WhiteElo "1756"]
[WhiteFideId "3247597"]
[WhiteTeam "Teh Chess Team"]

1. d4 d6 2. Bf4 g6 3. Nc3 Bg7 4. e4 a6 5. h3 b5 6. a3 Bb7 7. Nf3 Nd7 8. Be2 e6
9. Bg5 Ne7 10. O-O h6 11. Bh4 O-O 12. Qd2 g5 13. Bg3 f5 14. d5 fxe4 15. Nd4
Bxd4 16. Qxd4 exd5 17. Bg4 Nf5 18. Bxf5 Rxf5 19. Nd1 Qf6 20. c3 c5 21. Qxf6
Rxf6 22. Ne3 Ne5 23. Rad1 Nd3 24. Ng4 Re6 25. Rd2 h5 26. Ne3 Rf8 27. f3 a5 28.
b4 axb4 29. axb4 cxb4 30. cxb4 Nxb4 31. Rd4 exf3 32. Rxb4 Rxe3 33. Bxd6 f2+ 34.
Kh2 Re1 35. Bxf8 Rxf1 36. Bc5 Rh1+  0-1

[Event "2026 Perth Chess League"]
[Site "Perth AUS"]
[Date "2026.05.05"]
[Round "2.2"]
[White "Hardegen,Andrew"]
[Black "Le,Quang Minh"]
[Result "1/2-1/2"]
[BlackElo "1501"]
[BlackFideId "3288323"]
[BlackTeam "Teh Chess Team"]
[EventDate "2026.04.20"]
[PlyCount "0"]
[WhiteElo "2049"]
[WhiteFideId "3204081"]
[WhiteTeam "Southern Suburbs"]

1. d4 Nf6 2. c4 e6 3. Nc3 Bb4 4. e3 O-O 5. Bd3 d5 6. cxd5 exd5 7. Ne2 c6 8. O-O
Re8 9. Bd2 Nbd7 10. Rc1 Nf8 11. Qe1 Bd6 12. f3 Bc7 13. Qf2 Qe7 14. a3 b6 15. e4
dxe4 16. Nxe4 Bb7 17. Bb4 Qe6 18. Rfe1 Rad8 19. Bc4 Qf5 20. Nxf6+ Qxf6 21. Bc3
Qh6 22. g4 Qe3 23. Qxe3 Rxe3 24. Kf2 Ree8 25. Ng3 Bf4 26. Rxe8 Rxe8 27. Re1
Rxe1 28. Bxe1 Ne6 29. Bxe6 fxe6 30. h4 Bxg3+ 31. Kxg3  1/2-1/2

[Event "2026 Perth Chess League"]
[Site "Perth AUS"]
[Date "2026.05.05"]
[Round "2.3"]
[White "Chen,Angus"]
[Black "King,David"]
[Result "1/2-1/2"]
[BlackElo "2044"]
[BlackFideId "3246680"]
[BlackTeam "Southern Suburbs"]
[EventDate "2026.04.20"]
[PlyCount "0"]
[WhiteElo "1784"]
[WhiteFideId "3251390"]
[WhiteTeam "Teh Chess Team"]

1. c4 c6 2. Nc3 d5 3. e3 Nf6 4. Nf3 e6 5. Be2 Nbd7 6. O-O Be7 7. b3 O-O 8. d4 b6
9. Bb2 Bb7 10. Rc1 Re8 11. Qc2 Rc8 12. Rfd1 a6 13. a3 Bd6 14. e4 Nxe4 15. Nxe4
dxe4 16. Qxe4 Nf6 17. Qc2 Qe7 18. b4 Bf4 19. Ra1 c5 20. bxc5 bxc5 21. dxc5 Rxc5
22. Bd4 Rcc8 23. g3 Bh6 24. Qb3 Ne4 25. Qb4 f6 26. Rab1 Ba8 27. Qxe7 Rxe7 28.
Rb6 e5 29. Ba1 Nc5 30. Nh4 Rb7 31. Rxb7 Bxb7 32. Nf5 Kf8 33. Nxh6 gxh6 34. Rd6
Ke7 35. Rb6 Rc6 36. Rb4 Rd6 37. Bc3 Bc8 38. Rb8 Bf5 39. Bb4 Rc6 40. Rb6 Rxb6
41. Bxc5+ Rd6 42. Bxd6+ Kxd6 43. c5+ Kxc5 44. Bxa6 Bc2 45. Kf1 f5 46. Ke2 Ba4
47. Bc8 Bc2 48. Kd2 Be4 49. Ke3 h5 50. h3 Bc2 51. Kd2 Be4 52. f3 Bxf3 53. Bxf5
h4 54. g4 h6 55. Ke3 Bg2 56. Bd3 Bxh3 57. Kf3 Kd4 58. Be2 Kc3 59. Kf2 Kb3 60.
Kg1 h5 61. gxh5 Bf5 62. h6 Kxa3 63. Kf2 Kb4 64. Bg4 Bh7 65. Kg2 Kc3 66. Kh3 e4
67. Kxh4 e3 68. Kg5 Kd2 69. Kf6 e2 70. Bxe2 Kxe2 71. Kg7  1/2-1/2

[Event "2026 Perth Chess League"]
[Site "Perth AUS"]
[Date "2026.05.05"]
[Round "2.4"]
[White "Holland,Dennis"]
[Black "Gong,Leo"]
[Result "1-0"]
[BlackElo "1411"]
[BlackFideId "3258726"]
[BlackTeam "Teh Chess Team"]
[EventDate "2026.04.20"]
[PlyCount "0"]
[WhiteElo "2002"]
[WhiteFideId "3206491"]
[WhiteTeam "Southern Suburbs"]

1. e4 e5 2. Nf3 Nc6 3. Bc4 Bc5 4. c3 Nf6 5. d3 h6 6. O-O O-O 7. Be3 Bb6 8. h3 d6
9. Bb3 Be6 10. Bc2 d5 11. Qe2 Qd6 12. Nbd2 Rfe8 13. a4 d4 14. cxd4 exd4 15.
Bxh6 gxh6 16. e5 Nxe5 17. Qxe5 Qxe5 18. Nxe5 Bf5 19. Ndf3 Bg6 20. Bb3 Kg7 21.
Rfe1 c5 22. Rac1 Rac8 23. Kf1 Bd8 24. Nxg6 Rxe1+ 25. Kxe1 fxg6 26. Nxd4 b6 27.
Ne6+ Kh7 28. Kd2 Bc7 29. Re1 b5 30. Nxc7 Rxc7 31. axb5 Rd7 32. Re5 Rc7 33. Kc3
Kg7 34. Re6 Rd7 35. Rc6 Nd5+ 36. Bxd5 Rxd5 37. Rc7+ Kf6 38. Rxa7 Kf5 39. Rc7
Re5 40. b6 Re6 41. Rxc5+ Kf6 42. Rb5 Rc6+ 43. Kb4 Rc8 44. b7 Rb8 45. Kc5 Ke7
46. Kb6 Kd7 47. Ka7 Kc7 48. Rc5+  1-0

[Event "2026 Perth Chess League"]
[Site "Perth AUS"]
[Date "2026.05.05"]
[Round "2.5"]
[White "Brand,Drew"]
[Black "Massey,Reg"]
[Result "1/2-1/2"]
[BlackElo "1765"]
[BlackFideId "0"]
[BlackTeam "Team Moe"]
[EventDate "2026.04.20"]
[PlyCount "0"]
[WhiteElo "1916"]
[WhiteFideId "3271986"]
[WhiteTeam "Team Larry"]

1. e4 d5 2. exd5 Qxd5 3. Nc3 Qa5 4. Bc4 c6 5. d3 Nf6 6. Nf3 Bg4 7. Bd2 Qh5 8.
Qe2 Bxf3 9. gxf3 Nbd7 10. O-O-O O-O-O 11. Rdg1 Ne5 12. Rg5 Qxf3 13. Qxf3 Nxf3
14. Ra5 Nxd2 15. Kxd2 Kb8 16. Bxf7 g6 17. Re1 b6 18. Ra4 Bh6+ 19. Kd1 Rd7 20.
Be6 Rc7 21. Bh3 Rf8 22. Rc4 Nh5 23. Ne4 Nf4 24. Bf1 Rd8 25. b4 Kb7 26. a4 Rd5
27. Ng3 e5 28. Ne2 Nxe2 29. Rxe2 Bf4 30. h3 Kb8 31. Bg2 Rd6 32. Ree4 Rf7 33. b5
c5 34. a5 Rd4 35. axb6 axb6 36. Ra4 Ra7 37. Rxa7 Kxa7 38. Ke2 g5 39. Kf3 h5 40.
Rxd4 cxd4 41. h4 Kb7 42. hxg5 Bxg5 43. Ke4 Bf4 44. Kd5 Kc7 45. Ke6 h4 46. Ke7 {
Draw agreed}   1/2-1/2

[Event "2026 Perth Chess League"]
[Site "Perth AUS"]
[Date "2026.05.05"]
[Round "2.7"]
[White "Wolstencroft,Alan"]
[Black "Gough,Sebastian"]
[Result "1-0"]
[BlackElo "1396"]
[BlackFideId "3252078"]
[BlackTeam "Team Moe"]
[EventDate "2026.04.20"]
[PlyCount "0"]
[WhiteElo "1786"]
[WhiteFideId "3228304"]
[WhiteTeam "Team Larry"]

1. e4 c6 2. d4 d5 3. Nc3 dxe4 4. Nxe4 Bf5 5. Ng3 Bg6 6. Nf3 Nf6 7. h4 h5 8. Bd3
e6 9. Bxg6 fxg6 10. Ne5 Ng4 11. Bg5 Be7 12. Nxg4 hxg4 13. Qxg4 Bxg5 14. Qxg5
Qxg5 15. hxg5 Rxh1+ 16. Nxh1 Nd7 17. O-O-O Rd8 18. Re1 Kf7 19. f4 Nf8 20. c3
Rd5 21. Nf2 c5 22. dxc5 Rxc5 23. Nd3 Rd5 24. Ne5+ Ke7 25. Kc2 b5 26. Rd1 Kd6
27. Rd4 Rxd4 28. cxd4 Kd5 29. Kd3 a6 30. b4 Kd6 31. Ke4 Kc7 32. d5 Kd6 33. dxe6
Kxe6 34. g4 Kd6 35. f5 gxf5+ 36. gxf5 Ke7 37. Nc6+ Kd6 38. Nb8 Nd7 39. Nxa6 Kc6
40. Nc5 Nxc5+ 41. bxc5 Kxc5 42. Ke5 Kb4 43. f6 gxf6+ 44. gxf6 Ka3 45. f7 Kxa2
46. f8=Q Kb3 47. Kd4 b4 48. Qf3+ Ka2 49. Kc4 b3 50. Qxb3+ Ka1 51. Qb4 Ka2 52.
Kc3 Ka1 53. Qb2#  1-0

[Event "2026 Perth Chess League"]
[Site "Perth AUS"]
[Date "2026.05.05"]
[Round "2.9"]
[White "Davoll,Josh"]
[Black "Ellis,David"]
[Result "1-0"]
[BlackElo "1950"]
[BlackFideId "3205568"]
[BlackTeam "Metro"]
[EventDate "2026.04.20"]
[PlyCount "0"]
[WhiteElo "1978"]
[WhiteFideId "3228134"]
[WhiteTeam "Southern Accents"]

1. e4 c6 2. d4 d5 3. exd5 cxd5 4. Bd3 Nc6 5. c3 g6 6. Bf4 Nf6 7. Nd2 Nh5 8. Be3
Qc7 9. Be2 Nf4 10. Bxf4 Qxf4 11. g3 Qd6 12. f4 Bg7 13. Ngf3 Bf5 14. O-O O-O 15.
Nh4 Bh3 16. Rf2 Bf6 17. Ng2 Bxg2 18. Kxg2 e6 19. Nf3 Ne7 20. Qd2 h5 21. h3 Nf5
22. Bd3 Nh6 23. Ne5 Kg7 24. Raf1 Qc7 25. Qc2 Bxe5 26. fxe5 Qe7 27. Rf6 Nf5 28.
Qf2 Nh6 29. Qc2 Nf5 30. Rf3 Qc7 31. Kf2 Rh8 32. Qb1 Raf8 33. Qc1 h4 34. g4 Ng3
35. Qg5 Ne4+ 36. Bxe4 dxe4 37. Re3 Qb6 38. Re2 Qa6 39. a3 Qd3 40. Qe3 Rc8 41.
Qxd3 exd3 42. Rd2 b5 43. Rxd3 Rhd8 44. Rdf3 Rc7 45. g5 a5 46. R6f4 Rh8 47. Ke2
Rh5 48. Rg4 a4 49. Rd3 Rc4 50. Kf3 Rh8 51. d5 Rxg4 52. Kxg4 Rd8 53. dxe6  1-0

[Event "2026 Perth Chess League"]
[Site "Perth AUS"]
[Date "2026.05.05"]
[Round "2.10"]
[White "Barry,David"]
[Black "Soutar,Gavin"]
[Result "1/2-1/2"]
[BlackElo "1813"]
[BlackFideId "3228991"]
[BlackTeam "Southern Accents"]
[EventDate "2026.04.20"]
[PlyCount "0"]
[WhiteElo "1885"]
[WhiteFideId "3234487"]
[WhiteTeam "Metro"]

1. e4 c5 2. Nf3 Nc6 3. d4 cxd4 4. Nxd4 e5 5. Nb5 d6 6. N1c3 a6 7. Na3 b5 8. Nd5
Nf6 9. Bg5 Be7 10. Bxf6 Bxf6 11. c4 bxc4 12. Nxc4 Nd4 13. Ncb6 Rb8 $2 14. Nxc8
Rxc8 $2 15. Qa4+ Kf8 16. Bd3 Bg5 17. O-O a5 18. f4 Be7 19. Bc4 f6 20. Rac1 Rc5
21. Rf2 Qe8 22. Qd1 Qc6 23. b3 h5 24. Qd3 Bd8 25. Qg3 Qe8 26. Rd2 Rh6 27. f5 h4
28. Qh3 Qc6 { Black had been playing pretty much on the increment for some
time. Now, White's time had dropped into the increment too and, although his
position was clearly better, a draw was agreed.}   1/2-1/2

[Event "2026 Perth Chess League"]
[Site "Perth AUS"]
[Date "2026.05.05"]
[Round "2.11"]
[White "McAteer,Ian"]
[Black "Sheridan,Wallace"]
[Result "1-0"]
[BlackElo "1593"]
[BlackFideId "3206769"]
[BlackTeam "Metro"]
[EventDate "2026.04.20"]
[PlyCount "0"]
[WhiteElo "1809"]
[WhiteFideId "3230015"]
[WhiteTeam "Southern Accents"]

1. e4 d6 2. d4 Nf6 3. Nc3 e5 4. dxe5 dxe5 5. Qxd8+ Kxd8 6. Bg5 Be6 7. O-O-O+ Kc8
8. Bxf6 $2 gxf6 9. a3 c6 10. Nge2 Bc5 11. f3 a5 12. f4 exf4 13. Kb1 Be3 14. Nd4
Nd7 15. Nf3 Kc7 16. Be2 Rhg8 17. Ne1 Ne5 18. h3 { Black's dark-squared bishop
is a monster. White has no squares and the game is lost. If only Black would
trade off his bishop.}  18... Bf2 { Surely not.}  19. Rf1 Bxe1 { A miracle,
Black is still much better but at least that dratted bishop is gone.}  20.
Rdxe1 Rxg2 21. Rxf4 Rag8 { Can the pawn really be taken? There are no other
moves, so}  22. Rxf6 Rg1 23. Rff1 Rxf1 24. Rxf1 Nc4 25. Kc1 { wanting to give
the king some chance of escape before trading the bishop for the knight.} 
25... Ne3 26. Rf3 Rg1+ 27. Kd2 Nc4+ 28. Bxc4 Bxc4 29. Ke3 Rg2 30. Rf2 Rxf2 31.
Kxf2 { and Black's advantage is gone.}  31... Kd6 32. Nd1 Ke5 33. Ke3 Be6 34.
Nf2 f5 $2 35. Nd3+ Kd6 36. e5+ Kd5 37. Kf4 c5 38. Nc1 $2 { losing the
advantage}  ( 38. Ne1 { then Ng2 to e3 to pick up the pawn was the way to go} 
38... b5 39. Ng2 )38... Kd4 $4 ( { giving it back } 38... b5 { was the way to
punish White's error} )39. Ne2+ ( 39. Nb3+ Kd5 40. Nxa5 )39... Kc4 40. Ng3 Kd5
41. Nxf5 Kc6 42. h4 b5 43. Kg5 Kd7 44. Kf6 b4 45. Ng7 Bg8 46. e6+  1-0

[Event "2026 Perth Chess League"]
[Site "Perth AUS"]
[Date "2026.05.05"]
[Round "2.12"]
[White "Ashok,Akash"]
[Black "Kumar,Aditya"]
[Result "0-1"]
[BlackElo "1447"]
[BlackFideId "48731137"]
[BlackTeam "Southern Accents"]
[EventDate "2026.04.20"]
[PlyCount "0"]
[WhiteElo "1363"]
[WhiteFideId "3261417"]
[WhiteTeam "Metro"]

1. Nf3 d5 2. d4 Nf6 3. Bg5 e6 4. e3 c5 5. Nbd2 Nc6 6. c3 h6 7. Bh4 Be7 8. Bd3
O-O 9. O-O b6 10. Rc1 Bb7 11. Bb1 Nd7 12. Qc2 f5 13. Bg3 Rc8 14. Qd3 c4 15. Qe2
b5 16. Ne5 Ndxe5 17. Bxe5 Nxe5 18. dxe5 b4 19. Nf3 bxc3 20. bxc3 Ba3 21. Rcd1
Qc7 22. Nh4 Bc6 23. f4 Rb8 24. g4 Rb2 25. Rd2 Rfb8 26. gxf5 Rxb1 27. fxe6 Rxf1+
28. Kxf1 Re8 29. Qg4 h5 30. Qg6 Bf8 31. Nf5 Qb7 32. Nd6 Bxd6 33. exd6 d4 34.
exd4 Rf8 35. Qxh5 Rxf4+ 36. Kg1 Qb1+ 37. Qd1 Qe4  0-1

[Event "2026 Perth Chess League"]
[Site "Perth AUS"]
[Date "2026.05.05"]
[Round "2.13"]
[White "Huang,Yuqi (Ricky)"]
[Black "Harris,Eamon"]
[Result "1-0"]
[BlackElo "1727"]
[BlackFideId "3258505"]
[BlackTeam "Kingsley"]
[EventDate "2026.04.20"]
[PlyCount "0"]
[WhiteElo "1850"]
[WhiteFideId "3268250"]
[WhiteTeam "WAJTS"]

1. e4 c5 2. Nf3 g6 3. c3 Bg7 4. d4 cxd4 5. cxd4 d5 6. e5 Nc6 7. Nc3 f6 8. exf6
exf6 9. Bb5 Ne7 10. O-O O-O 11. Be3 Nf5 12. Qd2 Nxe3 13. fxe3 Re8 14. Rac1 Bh6
15. Rfe1 Be6 16. Na4 a6 17. Bxc6 bxc6 18. Rxc6 Bd7 19. Rd6 Qe7 20. Rxd7 Qxd7
21. Nb6 Qe6 22. Nxa8 Rxa8 23. Qd3 Re8 24. Kf2 g5 25. h3 f5 26. Ne5 Bg7 27. Rd1
Bf6 28. a3 Kg7 29. Re1 Rb8 30. b4 Rc8 31. Re2 Bxe5 32. dxe5 Qxe5 33. Qxa6 f4
34. Qxc8  1-0

[Event "2026 Perth Chess League"]
[Site "Perth AUS"]
[Date "2026.05.05"]
[Round "2.14"]
[White "Aucamp,Amion"]
[Black "Sethuraman,Jaswanth Ram"]
[Result "0-1"]
[BlackElo "1569"]
[BlackFideId "3245250"]
[BlackTeam "WAJTS"]
[EventDate "2026.04.20"]
[PlyCount "0"]
[WhiteElo "1133"]
[WhiteFideId "0"]
[WhiteTeam "Kingsley"]

1. d4 d5 2. Nf3 Nc6 3. Bf4 Nf6 4. e3 a6 5. Bd3 Bg4 6. Nbd2 e6 7. h3 Bxf3 8. Nxf3
Be7 9. Qe2 Bd6 10. O-O-O Bxf4 11. exf4 Qd6 12. Qe3 Nb4 13. Kb1 Nxd3 14. Rxd3
Ne4 15. Nd2 Nxd2+ 16. Rxd2 O-O 17. g4 Rac8 18. h4 c5 19. h5 cxd4 20. Rxd4 Rfe8
21. Re1 Qc7 22. c3 b5 23. g5 Qd6 24. g6 $2 { inaccurate}  ( 24. h6 { is better}
)24... h6 $2 ( 24... fxg6)25. gxf7+ Kxf7 26. Qg3 Kg8 27. Rg1 Re7 28. Qg6 Kh8
29. f5 Rf8 30. fxe6 Rf6 31. Qg2 Rfxe6 32. Rxd5 Re1+ 33. Rxe1 Rxe1+ 34. Kc2 Qe6
35. Rd8+ Kh7 36. Qa8 Qe2+ 37. Kb3 $4 ( 37. Rd2)37... Qc4+ 38. Ka3 Qa4#  0-1